000 00363nam a2200133Ia 4500
008 240624s9999 xx 000 0 und d
041 _aeng
082 _a658.3125 ADK
100 _aADKINS TONY C
245 _aCASE STUDIES IN PERFORMANCE MANAGEMENT A
260 _c2006
_aNew Jersey
_bJohn Wiley and Sons
300 _axxxi, : 238 : p. : cm. ; 23
365 _c
_b30
999 _c15083
_d15083